[Event "East Kilbride Weekly op 4th"]
[Site "East Kilbride"]
[Date "2011.05.19"]
[Round "3"]
[White "Jenkins, Ciaran"]
[Black "Robertson, Jim"]
[Result "0-1"]
[WhiteElo "943"]
[BlackElo "1409"]
[PlyCount "101"]
[EventDate "2011.05.??"]
[EventType "swiss"]
[EventRounds "5"]
[EventCountry "SCO"]
[SourceTitle "EXT 2023"]
[Source "ChessBase"]
[SourceDate "2022.10.05"]
[SourceVersion "1"]
[SourceVersionDate "2022.10.05"]
[SourceQuality "1"]

1. c4 e6 2. Nf3 d5 3. g3 c6 4. Qc2 f5 5. d4 Nf6 6. Bg2 Be7 7. 0-0 0-0 8. Nbd2 Ne4 9. Nxe4 fxe4 10. Nd2 Nd7 11. b3 Nf6 12. c5 b5 13. b4 a5 14. Qc3 axb4 15. Qxb4 Qa5 16. Qxa5 Rxa5 17. Nb3 Ra4 18. Bd2 Bd8 19. Rfc1 Bc7 20. e3 e5 21. Bc3 Ng4 22. Rc2 exd4 23. exd4 e3 24. fxe3 Nxe3 25. Re2 Nxg2 26. Rxg2 Bd8 27. Rf2 Rxf2 28. Kxf2 Ra7 29. Nd2 Bh3 30. Nf3 Rf7 31. Bd2 Bg4 32. Bf4 Bxf3 33. Kxf3 g5 34. Re1 gxf4 35. Re8+ Rf8 36. Rxf8+ Kxf8 37. Kxf4 Kf7 38. h4 h5 39. Ke5 Bc7+ 40. Kf5 Bxg3 41. Kg5 Bf2 42. Kxh5 Bxd4 43. Kg5 Bxc5 44. Kh6 Ke6 45. Kg7 Be3 46. h5 d4 47. h6 d3 48. a4 bxa4 49. Kg8 Bxh6 50. Kh8 d2 51. Kg8 0-1